| 000 | 00851cab a2200253 4500 | ||
|---|---|---|---|
| 001 | WB3333-14 | ||
| 008 | 090401t1997 xxu||||| |||| 00| 0 eng d | ||
| 035 | _a(Sirsi) u80437 | ||
| 041 | _aeng | ||
| 245 | _aLondon office space | ||
| 260 | _c1997 | ||
| 350 | _a0 | ||
| 490 |
_aFinancial Times _v22 August 1997, 9(1) |
||
| 520 | _aThe practice of pre-letting office space is booming in the City of London. Knight Frank claim the current take-up of space is the highest since 1990. Table of major pre-commitments. | ||
| 650 | _aCITY OF LONDON | ||
| 650 | _aKNIGHT FRANK | ||
| 650 | _aPROPERTY-COMMERCIAL PROPERTY-OFFICE PROPERTY-OFFICE PROPERTY MARKET | ||
| 650 | _aOFFICE SPACE | ||
| 650 | _aPRE-LETS | ||
| 650 | _aPRE-LETTING | ||
| 690 | _aPROPERTY-COMMERCIAL PROPERTY-COMMERCIAL PROPERTY MARKET | ||
| 942 | _n0 | ||
| 948 | _c22/08/1997 | ||
| 999 |
_c50646 _d50646 |
||